Manual de derecho constitucional (Registro nro. 6202)

Detalles MARC
000 -LEADER
fixed length control field 02256 a2200241 4500
001 - CONTROL NUMBER
control field 57420
005 - DATE AND TIME OF LATEST TRANSACTION
control field 20260407155835.0
008 - FIXED-LENGTH DATA ELEMENTS--GENERAL INFORMATION
fixed length control field 260407a2019 arg spa d
003 - CONTROL NUMBER IDENTIFIER
control field AR-UNSa-BCEJYS
040 ## - CATALOGING SOURCE
Original cataloging agency AR-UNSa-BCEJYS
Language of cataloging spa
Transcribing agency AR-UNSa-BCEJYS
080 ## - UNIVERSAL DECIMAL CLASSIFICATION NUMBER
Universal Decimal Classification number 342
Common auxiliary subdivision Derecho constitucional (Derecho Público)
020 ## - INTERNATIONAL STANDARD BOOK NUMBER
International Standard Book Number 978-987-706-281-6
041 ## - LANGUAGE CODE
Language code of text/sound track or separate title spa
100 1# - MAIN ENTRY--PERSONAL NAME
Personal name Sagüés, Néstor Pedro
245 10 - TITLE STATEMENT
Title Manual de derecho constitucional
250 ## - EDITION STATEMENT
Edition statement 3a. ed.
264 #1 - PRODUCTION, PUBLICATION, DISTRIBUTION, MANUFACTURE, AND COPYRIGHT NOTICE
Place of production, publication, distribution, manufacture Buenos Aires :
Name of producer, publisher, distributor, manufacturer Astrea
Date of production, publication, distribution, manufacture, or copyright notice 2019
300 ## - PHYSICAL DESCRIPTION
Extent lvi, 775 p.
Dimensions 23 cm.
505 ## - FORMATTED CONTENTS NOTE
Formatted contents note 1. El Constitucionalismo – 2. Derecho constitucional: caracteres, dimensiones y desarrollo – 3. Metodología del derecho constitucional – 4. Fuentes del derecho constitucional – 5. Control de constitucionalidad – 6. Proceso constitucional argentino – 7. Fuentes del derecho constitucional argentino – 8. Sistema constitucional argentino. La Argentina como estado – 9. Elementos constitucionales del estado argentino – 10. Poderes del estado. Constituyente y electoral – 11. Congreso de la nación – 12. Operatividad del congreso – 13. Poder ejecutivo. Estructura e integración. Operatividad – 14. Poder judicial y ministerio público – 15. Relaciones y controles entre los poderes del gobierno federal – 16. Poder provincial – 17. Competencia de los gobiernos federal y provinciales – 18. Poder municipal – 19. Derechos constitucionales – 20. Derecho a la condición humana – 21. Derecho a la seguridad – 22. Derecho a la privacidad – 23. Derecho de libertad física y de locomoción – 24. Derecho de pensamiento y expresión – 25. Derecho a la libertad de conciencia de culto – 26. Derecho de reunión – 27. Derecho de asociación – 28. Derecho de peticionar – 29. Derecho de enseñar y de aprender – 30. Derecho a la igualdad – 31. Derecho económico-sociales – 32. Derecho constitucional de la familia – 33. Derechos procesales y penales – 34. Derechos políticos – 35. Reglamentaciones y limitaciones a los derechos – 36. Deberes constitucionales
590 ## - LOCAL NOTE (RLIN)
Local note niveau_biblio:m niveau_hierar:0
856 41 - ELECTRONIC LOCATION AND ACCESS
Uniform Resource Identifier <a href="https://biblioeco.unsa.edu.ar/pmb/images/libros/L128771.jpg">https://biblioeco.unsa.edu.ar/pmb/images/libros/L128771.jpg</a>
Link text Imagen de portada
Electronic format type image/jpeg
942 ## - ADDED ENTRY ELEMENTS (KOHA)
Koha item type
Existencias
Withdrawn status Lost status Damaged status Not for loan Home library Current library Shelving location Date acquired Total checkouts Full call number Barcode Date last seen Price effective from Koha item type Public note
        Biblioteca Prof. Eusebio Cleto del Rey Biblioteca Prof. Eusebio Cleto del Rey   07/04/2026   342 S129m 3ed. L128771 07/04/2026 07/04/2026 Libro CANTO LATERAL CON MANCHITA
        Biblioteca Prof. Eusebio Cleto del Rey Biblioteca Prof. Eusebio Cleto del Rey   07/04/2026   342 S129m 3ed. L128772 07/04/2026 07/04/2026 Libro CANTO INFERIOR UN POCO MANCHADO - LÁPIZ -
        Biblioteca Prof. Eusebio Cleto del Rey Biblioteca Prof. Eusebio Cleto del Rey   07/04/2026   342 S129m 3ed. L128773 07/04/2026 07/04/2026 Libro CANTO LATERAL MANCHADO - LÁPIZ LEVE (DESDE PÁG 643 A 645 Y DESDE PÁG 579 A 588) - PAG. 753 MANCHADA -
        Biblioteca Prof. Eusebio Cleto del Rey Biblioteca Prof. Eusebio Cleto del Rey   07/04/2026   342 S129m 3ed. L129043 07/04/2026 07/04/2026 Libro PÁG. 625 A 637 ARRUGADAS Y MANCHADAS - CANTO MANCHADO